000 01025nas a2200361 4500
001 BR9900831
003 BR-BrBNA
005 20231205101243.0
007 ta
008 230509b bl.|||p| |||| 00| 00por d
040 _aBR-BrBNA
_bpor
_cBiblioteca Nacional de Agricultura
041 _a(Pt)
072 _aQ54
100 1 _aFurlan, A.C.
100 1 _aAndreotti, M. de O.
100 1 _aMurakami, A.E.
100 1 _aScapinello, C.
100 1 _aMoreira, I.
100 1 _aFraiha, M.
100 1 _aCavalieri, F.L.B.
245 1 _aValores energeticos de alguns alimentos determinados com codornas japonesas (Coturnix coturnix japonica)
650 _aCodorna
650 _aValor Nutritivo
650 _aFarelo
650 _aTrigo
650 _aArroz
650 _aSoja
650 _aColza
650 _aMilho
773 0 _tRevista Brasileira de Zootecnia (Brazil)
_xISSN 0100-4859
_g(Nov-Dec 1998), v. 27(6) p. 1147-1150
_wBR9900831
909 _a202311
_bLúcia
_c55
_dLúcia Elande
942 _2AGRIS
_n0
_cANA
999 _c160707
_d160707